000 00487nam a22001697a 4500
999 _c40992
_d40992
003 OSt
005 20210225132418.0
008 210224b ||||| |||| 00| 0 eng d
020 _a9789350133149
040 _coclc
082 _a332.110954
_bSIN/B
100 _98374
_aSingh
245 _aBank Clerical Cadre
_bMain Examination /
_cLal ; Singh
260 _aAgra:
_bUpkar Prakashan,
_c2012.
300 _a350p
942 _2ddc
_cBK
_i332.110954
_kSIN/B
_m332.110954
_nSIN/B